T06 駅名クイズ - 近畿の駅百選 ver. - Statistics

General Stats
  • This quiz has been taken 168 times
  • The average score is 32 of 100
Answer Stats
Number 会社名 Answer % Correct
1 JR西日本 大阪
98%
9 JR西日本 京都
83%
5 南海電鉄 難波
79%
14 JR西日本 神戸
78%
2 阪急電鉄 大阪梅田
75%
1 JR西日本 新大阪
71%
1 JR西日本 天王寺
70%
20 JR西日本 奈良
67%
13 JR西日本 三ノ宮
66%
3 京阪電車 京橋
60%
16 阪急電鉄 宝塚
59%
5 Osaka Metro 梅田
59%
10 JR西日本 姫路
59%
4 JR西日本 関西空港
56%
12 JR西日本 尼崎
54%
5 水間鉄道 水間
51%
6 南海電鉄
50%
7 北大阪急行電鉄 千里中央
50%
24 南海電鉄 和歌山市
49%
11 阪急電鉄 嵐山
48%
8 京福電鉄 嵐山
48%
5 阪急電鉄 十三
46%
8 Osaka Metro 心斎橋
45%
13 京都丹後鉄道 天橋立
44%
17 阪神電車 甲子園
44%
6 大阪モノレール 万博記念公園
43%
11 京阪電車 宇治
42%
17 阪神電車 芦屋
42%
21 近鉄 生駒
41%
23 JR西日本 彦根
41%
9 京都市交通局 山科
40%
4 京阪電車 枚方市
39%
2 近鉄 大阪上本町
39%
18 神戸電鉄 新開地
39%
21 近鉄 橿原神宮前
36%
7 泉北高速鉄道 和泉中央
36%
7 Osaka Metro コスモスクエア
35%
12 叡山電鉄 鞍馬
34%
16 阪急電鉄 伊丹
34%
19 神戸電鉄 有馬温泉
34%
1 JR西日本 ユニバーサルシティ
34%
14 JR西日本 城崎温泉
33%
2 近鉄 大阪阿部野橋
33%
19 能勢電鉄 日生中央
32%
23 信楽高原鐵道 信楽
32%
13 京都市交通局 烏丸御池
31%
8 JR西日本 二条
31%
14 阪急電鉄 川西能勢口
31%
18 神戸市交通局 西神中央
31%
25 南海電鉄 高野山
31%
7 JR西日本 東舞鶴
31%
2 JR西日本 大阪城公園
30%
9 JR西日本 西舞鶴
29%
15 JR西日本 新長田
28%
12 嵯峨野観光鉄道 トロッコ保津峡
28%
20 近鉄 吉野
28%
9 京都市交通局 国際会館
27%
18 山陽電鉄 須磨浦公園
26%
14 阪急電鉄 夙川
25%
15 JR西日本 舞子
24%
23 JR西日本 長浜
24%
15 阪神電車 武庫川
24%
10 JR西日本 稲荷
21%
3 南海電鉄 みさき公園
21%
12 JR西日本 播州赤穂
21%
3 南海電鉄 浜寺公園
20%
3 京阪電車 萱島
20%
22 京阪電車 びわ湖浜大津
20%
24 近江鉄道 八日市
19%
15 阪急電鉄 甲陽園
19%
18 神戸電鉄 ウッディタウン中央
18%
4 京阪電車 私市
18%
22 近鉄 学園前
17%
6 阪堺電車 天王寺駅前
17%
23 京阪電車 坂本比叡山口
16%
20 六甲山観光 六甲山上
15%
6 Osaka Metro 鶴見緑地
15%
25 南海電鉄 林間田園都市
15%
21 近鉄 大和高田
14%
16 山陽電鉄 人丸前
13%
25 JR西日本 海南
12%
11 京都丹後鉄道 大江
12%
8 阪堺電車 住吉公園
11%
10 京都丹後鉄道 網野
10%
20 神戸市交通局 みなと元町
10%
13 JR西日本 餘部
10%
24 比叡山鉄道 ケーブル延暦寺
9%
11 JR西日本 日本へそ公園
8%
19 神戸新交通 アイランドセンター
8%
19 神戸住環境整備公社 摩耶ケーブル
7%
24 JR西日本 周参見
7%
16 阪神電車 香櫨園
7%
17 智頭急行 平福
7%
4 南海電鉄 諏訪ノ森
6%
22 近江鉄道 鳥居本
6%
22 近鉄 福神
5%
25 JR西日本 那智
5%
17 神戸電鉄 恵比須
5%
21 JR西日本 北宇智
4%
10 京福電鉄 御室仁和寺
4%
No matching quizzes found
Score Distribution
Percent of People with Each Score
Percentile by Number Answered
Your Score History
You have not taken this quiz